000 00731nam a22002537a 4500
001 701
003 UA-OsUOA
005 20210916150514.0
007 ta
008 20050624b un ||||| |||| 00| 0 ukr d
020 _a9667430286
040 _aUA-OsUOA
_bukr
_cUA-OsUOA
_dUA-OsUOA
041 _aukr
080 _a821.161.2
090 _a821.161.2
_bШ92
100 _aШтонь Г. М.
245 _aПообіч часу
_cГригорій Штонь
_bромани
260 _aК.
_bТвім інтер
_c2004
300 _a288 с.
650 7 _a82 Література. Літературознавство
_2UDC
942 _cBK
_2udc
955 _a3
999 _c286871
_d286871